Statistiques concernant Les Donjons d'Ocarina of Time

Cliquez ici pour prendre le quiz!

Statistiques générales

  • Ce quiz a été pris 61 fois
  • Le résultat moyen est 9 sur 12

Statistiques - réponses

Nom du donjon% Correct
5Temple du feu
96%
4Temple de la forêt
94%
6Temple de l'eau
94%
1Arbre Mojo
86%
9Tour de Ganon
86%
8Temple de l'esprit
84%
3Ventre de Jabu Jabu
84%
7Temple de l'ombre
78%
2Caverne Dodongo
76%
Mini donjon n°2Puits
71%
Mini donjon n°1Caverne polaire
41%
Mini donjon n°3 (facultatif)Gymnase Gerudo
29%

Distribution des résultats

Percentile par nombre de réponses

% des personnes avec chaque résultat

Votre développement - résultats

Vous n’avez pas pris ce quiz